000
00248nam a2200097Ia 4500
001
800847
005
20250826171026.0
008
250824s9999 xx 000 0 und d
245
0
_a
ENGELSİZ MASALLAR
_c
AYŞEGÜL SÖZEN DAĞ
260
_b
CEZVE YAYINLARI
999
_c
800847
_d
800847